Statistiche per Nazioni per numero di Gran Maestri di Scacchi

Clicka qui per fare il quiz!

Statistiche generali

  • Questo quiz è stato fatto 42 volte
  • Il punteggio medio è 11 su 16

Statistiche sulle risposte

Numero di GMNazione% Corretto
238Russia
100%
48Cina
97%
92Stati Uniti
97%
55Francia
95%
52Spagna
89%
107Germania
86%
75India
81%
96Ucraina
76%
41Paesi Bassi
65%
50Polonia
65%
33Bulgaria
57%
44Armenia
41%
45Serbia
35%
52Ungheria
35%
38Inghilterra
32%
42Israele
27%

Distribuzione punteggi

Percentile per numero di risposta

Percentuale di utenti per punteggio

I tuoi punteggi nel tempo

Non hai fatto questo quiz